[Event "DEM U12 2023"]
[Site "Willingen GER"]
[Date "2023.05.31"]
[Round "5"]
[White "Zhang, Yibo"]
[Black "Deiringer, Julius"]
[Result "1-0"]
[Termination "normal"]
[Board "7"]
[WhiteElo "1791"]
[BlackElo "1742"]
[WhiteClock "00:18:52"]
[BlackClock "00:29:07"]
[PlyCount "59"]
[WhiteFideId "16287657"]
[BlackFideId "16267010"]
[EventCountry "GER"]
[EventRounds "9"]
[EventType "swiss"]
[EventDate "2023.05.27"]

1. e4 {[%clk 01:30:51]} {[%emt 00:00:08]} e5 {[%clk 01:30:56]} {[%emt
00:00:04]} 2. Nf3 {[%clk 01:31:19]} {[%emt 00:00:03]} Nc6 {[%clk 01:31:21]}
{[%emt 00:00:05]} 3. d4 {[%clk 01:31:44]} {[%emt 00:00:04]} exd4 {[%clk
01:31:48]} {[%emt 00:00:04]} 4. Nxd4 {[%clk 01:32:09]} {[%emt 00:00:05]} Bc5
{[%clk 01:32:13]} {[%emt 00:00:05]} 5. Nb3 {[%clk 01:32:30]} {[%emt 00:00:09]}
Bb6 {[%clk 01:32:37]} {[%emt 00:00:06]} 6. Qe2 {[%clk 01:32:48]} {[%emt
00:00:11]} d6 {[%clk 01:32:35]} {[%emt 00:00:31]} 7. Nc3 {[%clk 01:33:12]}
{[%emt 00:00:07]} a5 {[%clk 01:29:34]} {[%emt 00:03:32]} 8. a4 {[%clk
01:33:37]} {[%emt 00:00:05]} Nb4 {[%clk 01:27:55]} {[%emt 00:02:08]} 9. Nd5
{[%clk 01:24:58]} {[%emt 00:09:09]} Nxd5 {[%clk 01:25:15]} {[%emt 00:03:10]}
10. exd5+ {[%clk 01:24:23]} {[%emt 00:01:06]} Ne7 {[%clk 01:24:06]} {[%emt
00:01:38]} 11. Bg5 {[%clk 01:22:22]} {[%emt 00:02:31]} f6 {[%clk 01:23:00]}
{[%emt 00:01:36]} 12. Be3 {[%clk 01:20:54]} {[%emt 00:01:57]} Bxe3 {[%clk
01:17:17]} {[%emt 00:06:14]} 13. Qxe3 {[%clk 01:20:55]} {[%emt 00:00:29]} O-O
{[%clk 01:17:09]} {[%emt 00:00:38]} 14. O-O-O {[%clk 01:21:00]} {[%emt
00:00:25]} Bd7 {[%clk 01:14:55]} {[%emt 00:02:45]} 15. Nd4 {[%clk 01:15:01]}
{[%emt 00:06:29]} Nf5 {[%clk 01:12:12]} {[%emt 00:03:12]} 16. Qf4 {[%clk
01:11:45]} {[%emt 00:03:46]} Nxd4 {[%clk 01:10:01]} {[%emt 00:02:41]} 17. Rxd4
{[%clk 01:10:28]} {[%emt 00:01:47]} Re8 {[%clk 01:07:53]} {[%emt 00:02:38]} 18.
Bd3 {[%clk 01:09:00]} {[%emt 00:01:59]} Re5 {[%clk 01:07:14]} {[%emt 00:01:09]}
19. h4 {[%clk 01:06:59]} {[%emt 00:02:30]} Qe8 {[%clk 01:06:15]} {[%emt
00:01:29]} 20. Kd2 {[%clk 00:55:50]} {[%emt 00:11:39]} Qf7 {[%clk 01:03:44]}
{[%emt 00:03:01]} 21. b3 {[%clk 00:48:33]} {[%emt 00:07:48]} Rxd5 {[%clk
00:53:55]} {[%emt 00:10:19]} 22. Bxh7+ {[%clk 00:45:32]} {[%emt 00:03:30]} Kf8
{[%clk 00:44:42]} {[%emt 00:09:43]} 23. Re1 {[%clk 00:34:58]} {[%emt 00:11:05]}
Rxd4+ {[%clk 00:41:58]} {[%emt 00:03:13]} 24. Qxd4 {[%clk 00:33:28]} {[%emt
00:02:00]} g6 {[%clk 00:40:49]} {[%emt 00:01:39]} 25. h5 {[%clk 00:29:04]}
{[%emt 00:04:55]} Qxh7 {[%clk 00:38:45]} {[%emt 00:02:33]} 26. Qxf6+ {[%clk
00:29:22]} {[%emt 00:00:12]} Qf7 {[%clk 00:38:02]} {[%emt 00:01:13]} 27. Qh8+
{[%clk 00:29:17]} {[%emt 00:00:35]} Qg8 {[%clk 00:37:26]} {[%emt 00:01:06]} 28.
Qh6+ {[%clk 00:27:15]} {[%emt 00:02:32]} Kf7 {[%clk 00:32:14]} {[%emt
00:07:11]} 29. hxg6+ {[%clk 00:19:33]} {[%emt 00:08:13]} Kf6 {[%clk 00:29:07]}
{[%emt 00:03:36]} 30. g7+ {[%clk 00:18:52]} {[%emt 00:01:12]} 1-0

[Event "DEM U12 2023"]
[Site "Willingen GER"]
[Date "2023.05.31"]
[Round "5"]
[White "Sepe, Giovanni Paolo"]
[Black "Albrecht, Neil"]
[Result "1/2-1/2"]
[Termination "normal"]
[Board "8"]
[WhiteElo "1550"]
[BlackElo "1690"]
[WhiteClock "00:57:14"]
[BlackClock "00:12:52"]
[PlyCount "72"]
[WhiteFideId "34631909"]
[BlackFideId "34621091"]
[EventCountry "GER"]
[EventRounds "9"]
[EventType "swiss"]
[EventDate "2023.05.27"]

1. Nf3 {[%clk 01:30:58]} {[%emt 00:00:02]} d5 {[%clk 01:29:48]} {[%emt
00:01:13]} 2. d4 {[%clk 01:31:24]} {[%emt 00:00:03]} Nf6 {[%clk 01:30:01]}
{[%emt 00:00:17]} 3. e3 {[%clk 01:31:47]} {[%emt 00:00:07]} c6 {[%clk
01:27:36]} {[%emt 00:02:55]} 4. Bd3 {[%clk 01:32:12]} {[%emt 00:00:06]} Bg4
{[%clk 01:26:41]} {[%emt 00:01:25]} 5. c4 {[%clk 01:30:07]} {[%emt 00:02:35]}
e6 {[%clk 01:24:49]} {[%emt 00:02:21]} 6. cxd5 {[%clk 01:29:52]} {[%emt
00:00:46]} cxd5 {[%clk 01:23:36]} {[%emt 00:01:42]} 7. Qb3 {[%clk 01:30:02]}
{[%emt 00:00:20]} Qc7 {[%clk 01:17:36]} {[%emt 00:06:27]} 8. Nc3 {[%clk
01:30:24]} {[%emt 00:00:11]} Bxf3 {[%clk 01:15:17]} {[%emt 00:02:49]} 9. gxf3
{[%clk 01:30:49]} {[%emt 00:00:06]} Nc6 {[%clk 01:12:10]} {[%emt 00:03:37]} 10.
Nb5 {[%clk 01:29:28]} {[%emt 00:01:50]} Qd7 {[%clk 01:10:56]} {[%emt 00:01:45]}
11. Bd2 {[%emt 00:12:30]} a6 {[%clk 01:03:01]} 12. Nc3 {[%clk 01:26:12]} {[%emt
00:00:10]} Rb8 {[%clk 00:53:25]} {[%emt 00:10:07]} 13. Qb6 {[%clk 01:25:48]}
{[%emt 00:00:53]} Bd6 {[%clk 00:48:34]} {[%emt 00:05:21]} 14. Rg1 {[%clk
01:13:45]} {[%emt 00:12:33]} g6 {[%clk 00:40:40]} {[%emt 00:08:25]} 15. f4
{[%clk 01:08:04]} {[%emt 00:06:11]} Nb4 {[%clk 00:34:12]} {[%emt 00:06:58]} 16.
Bb1 {[%clk 01:07:52]} {[%emt 00:00:42]} Qc6 {[%clk 00:33:53]} {[%emt 00:00:47]}
17. Qxc6+ {[%clk 01:08:02]} {[%emt 00:00:21]} Nxc6 {[%clk 00:34:11]} {[%emt
00:00:12]} 18. Na4 {[%clk 01:08:05]} {[%emt 00:00:28]} Nd7 {[%clk 00:33:18]}
{[%emt 00:01:23]} 19. a3 {[%clk 01:05:47]} {[%emt 00:02:48]} b5 {[%clk
00:32:44]} {[%emt 00:01:03]} 20. Nc3 {[%clk 01:06:00]} {[%emt 00:00:17]} Nb6
{[%clk 00:31:00]} {[%emt 00:02:14]} 21. b4 {[%clk 01:05:20]} {[%emt 00:01:11]}
Nc4 {[%clk 00:30:03]} {[%emt 00:01:27]} 22. Bd3 {[%clk 01:03:45]} {[%emt
00:02:04]} f5 {[%clk 00:28:05]} {[%emt 00:02:28]} 23. h4 {[%clk 01:03:30]}
{[%emt 00:00:46]} Kf7 {[%clk 00:25:50]} {[%emt 00:02:43]} 24. Ke2 {[%clk
01:03:33]} {[%emt 00:00:28]} a5 {[%clk 00:23:10]} {[%emt 00:03:11]} 25. Bxc4
{[%clk 01:00:46]} {[%emt 00:03:16]} dxc4 {[%clk 00:23:01]} {[%emt 00:00:38]}
26. Na2 {[%clk 00:59:34]} {[%emt 00:01:42]} axb4 {[%clk 00:21:25]} {[%emt
00:02:07]} 27. Nxb4 {[%clk 00:59:40]} {[%emt 00:00:24]} Nxb4 {[%clk 00:20:14]}
{[%emt 00:01:41]} 28. axb4 {[%clk 00:59:10]} {[%emt 00:01:01]} Ra8 {[%clk
00:20:22]} {[%emt 00:00:21]} 29. Bc3 {[%clk 00:59:32]} {[%emt 00:00:08]} Rhb8
{[%clk 00:18:12]} {[%emt 00:02:40]} 30. Kd2 {[%clk 00:58:18]} {[%emt 00:01:44]}
h5 {[%clk 00:16:51]} {[%emt 00:01:50]} 31. Ke2 {[%clk 00:56:32]} {[%emt
00:02:17]} Be7 {[%clk 00:15:58]} {[%emt 00:01:24]} 32. Rh1 {[%clk 00:56:54]}
{[%emt 00:00:08]} Rxa1 {[%clk 00:15:54]} {[%emt 00:00:34]} 33. Rxa1 {[%clk
00:57:17]} {[%emt 00:00:06]} Bxh4 {[%clk 00:14:28]} {[%emt 00:01:56]} 34. Ra7+
{[%clk 00:57:40]} {[%emt 00:00:06]} Be7 {[%clk 00:14:29]} {[%emt 00:00:30]} 35.
f3 {[%clk 00:57:25]} {[%emt 00:00:45]} Ke8 {[%clk 00:14:14]} {[%emt 00:00:44]}
36. e4 {[%clk 00:57:14]} {[%emt 00:00:42]} Bd6 {[%clk 00:12:52]} {[%emt
00:01:51]} 1/2-1/2

[Event "DEM U12 2023"]
[Site "Willingen GER"]
[Date "2023.05.31"]
[Round "5"]
[White "Gavrylyuk, Oleksandr"]
[Black "Mandalka, Justus"]
[Result "0-1"]
[Termination "normal"]
[Board "9"]
[WhiteElo "1226"]
[BlackElo "1560"]
[WhiteClock "01:01:34"]
[BlackClock "00:32:31"]
[PlyCount "76"]
[WhiteFideId "34609083"]
[BlackFideId "16298144"]
[EventCountry "GER"]
[EventRounds "9"]
[EventType "swiss"]
[EventDate "2023.05.27"]

1. e4 {[%clk 01:30:54]} {[%emt 00:00:05]} c5 {[%clk 01:30:57]} {[%emt
00:00:04]} 2. Nf3 {[%clk 01:31:21]} {[%emt 00:00:03]} Nc6 {[%clk 01:31:22]}
{[%emt 00:00:04]} 3. d4 {[%clk 01:31:47]} {[%emt 00:00:04]} cxd4 {[%clk
01:31:47]} {[%emt 00:00:05]} 4. Nxd4 {[%clk 01:32:13]} {[%emt 00:00:04]} g6
{[%clk 01:32:12]} {[%emt 00:00:05]} 5. c4 {[%clk 01:32:37]} {[%emt 00:00:06]}
Bg7 {[%clk 01:32:37]} {[%emt 00:00:05]} 6. Be3 {[%clk 01:32:30]} {[%emt
00:00:37]} Nf6 {[%clk 01:33:01]} {[%emt 00:00:06]} 7. Nc3 {[%clk 01:32:55]}
{[%emt 00:00:05]} d6 {[%clk 01:33:25]} {[%emt 00:00:06]} 8. Be2 {[%clk
01:33:03]} {[%emt 00:00:22]} O-O {[%clk 01:33:48]} {[%emt 00:00:06]} 9. O-O
{[%clk 01:33:23]} {[%emt 00:00:10]} Bd7 {[%clk 01:34:08]} {[%emt 00:00:11]} 10.
Qd2 {[%clk 01:33:02]} {[%emt 00:00:51]} Nxd4 {[%clk 01:34:22]} {[%emt
00:00:17]} 11. Bxd4 {[%clk 01:33:24]} {[%emt 00:00:08]} Bc6 {[%clk 01:34:48]}
{[%emt 00:00:03]} 12. f3 {[%clk 01:33:41]} {[%emt 00:00:13]} a5 {[%clk
01:34:27]} {[%emt 00:00:52]} 13. Be3 {[%clk 01:33:15]} {[%emt 00:00:56]} Nd7
{[%clk 01:34:39]} {[%emt 00:00:17]} 14. b3 {[%clk 01:33:12]} {[%emt 00:00:34]}
Nc5 {[%clk 01:34:08]} {[%emt 00:01:01]} 15. Rab1 {[%clk 01:32:36]} {[%emt
00:01:05]} e6 {[%clk 01:29:48]} {[%emt 00:04:51]} 16. Rfd1 {[%clk 01:31:58]}
{[%emt 00:01:08]} Be5 {[%clk 01:30:08]} {[%emt 00:00:09]} 17. Bf1 {[%clk
01:32:08]} {[%emt 00:00:20]} Qh4 {[%clk 01:29:45]} {[%emt 00:00:52]} 18. g3
{[%clk 01:31:38]} {[%emt 00:01:00]} Qf6 {[%clk 01:29:57]} {[%emt 00:00:19]} 19.
Ne2 {[%clk 01:31:48]} {[%emt 00:00:20]} Qxf3 {[%clk 01:28:32]} {[%emt
00:01:55]} 20. Bg2 {[%clk 01:31:17]} {[%emt 00:01:00]} Qf6 {[%clk 01:28:12]}
{[%emt 00:00:51]} 21. Bg5 {[%clk 01:28:50]} {[%emt 00:02:56]} Qh8 {[%clk
01:25:39]} {[%emt 00:03:04]} 22. Qe3 {[%clk 01:26:33]} {[%emt 00:02:43]} f5
{[%clk 01:11:42]} {[%emt 00:14:31]} 23. exf5 {[%clk 01:23:14]} {[%emt
00:03:49]} gxf5 {[%clk 01:08:46]} {[%emt 00:03:26]} 24. Bxc6 {[%clk 01:21:16]}
{[%emt 00:02:27]} bxc6 {[%clk 01:09:10]} {[%emt 00:00:06]} 25. Be7 {[%clk
01:21:20]} {[%emt 00:00:27]} Rf7 {[%clk 00:57:18]} {[%emt 00:12:22]} 26. Bxd6
{[%clk 01:20:26]} {[%emt 00:01:23]} Ne4 {[%clk 00:57:32]} {[%emt 00:00:16]} 27.
Bxe5 {[%clk 01:20:27]} {[%emt 00:00:30]} Qxe5 {[%clk 00:57:55]} {[%emt
00:00:06]} 28. Qd4 {[%clk 01:19:14]} {[%emt 00:01:39]} Qc7 {[%clk 00:54:55]}
{[%emt 00:03:33]} 29. Rd3 {[%clk 01:16:34]} {[%emt 00:03:11]} Ng5 {[%clk
00:41:22]} {[%emt 00:14:02]} 30. Re1 {[%clk 01:08:41]} {[%emt 00:08:15]} e5
{[%clk 00:40:28]} {[%emt 00:01:33]} 31. Qh4 {[%clk 01:07:11]} {[%emt 00:01:53]}
Rg7 {[%clk 00:39:45]} {[%emt 00:01:20]} 32. Kg2 {[%clk 01:05:54]} {[%emt
00:01:46]} e4 {[%clk 00:35:27]} {[%emt 00:04:49]} 33. Rc3 {[%clk 01:05:18]}
{[%emt 00:01:01]} Nf3 {[%clk 00:35:19]} {[%emt 00:00:43]} 34. Rxf3 {[%clk
01:05:36]} {[%emt 00:00:11]} exf3+ {[%clk 00:35:47]} {[%emt 00:00:03]} 35. Kxf3
{[%clk 01:05:53]} {[%emt 00:00:13]} Re8 {[%clk 00:33:33]} {[%emt 00:02:43]} 36.
Rd1 {[%clk 01:01:37]} {[%emt 00:04:46]} Qe5 {[%clk 00:32:37]} {[%emt 00:01:26]}
37. Re1 {[%clk 01:01:13]} {[%emt 00:00:53]} Qe3+ {[%clk 00:32:11]} {[%emt
00:00:59]} 38. Kg2 {[%clk 01:01:34]} {[%emt 00:00:08]} f4 {[%clk 00:32:31]}
{[%emt 00:00:10]} 0-1

[Event "DEM U12 2023"]
[Site "Willingen GER"]
[Date "2023.05.31"]
[Round "5"]
[White "Rodriguez Klasen, Ennio"]
[Black "Bundan, Edward"]
[Result "0-1"]
[Termination "normal"]
[Board "10"]
[WhiteElo "1526"]
[BlackElo "1338"]
[WhiteClock "00:06:40"]
[BlackClock "00:16:59"]
[PlyCount "142"]
[WhiteFideId "16277414"]
[BlackFideId "34603042"]
[EventCountry "GER"]
[EventRounds "9"]
[EventType "swiss"]
[EventDate "2023.05.27"]

1. e4 {[%clk 01:30:58]} {[%emt 00:00:02]} c5 {[%clk 01:30:54]} {[%emt
00:00:06]} 2. d4 {[%clk 01:31:23]} {[%emt 00:00:05]} cxd4 {[%clk 01:29:56]}
{[%emt 00:01:28]} 3. Qxd4 {[%clk 01:31:45]} {[%emt 00:00:07]} Nc6 {[%clk
01:30:04]} {[%emt 00:00:22]} 4. Qd3 {[%clk 01:32:09]} {[%emt 00:00:07]} Qc7
{[%clk 01:29:16]} {[%emt 00:01:17]} 5. Nc3 {[%clk 01:31:02]} {[%emt 00:01:37]}
e6 {[%clk 01:26:19]} {[%emt 00:03:27]} 6. Nb5 {[%clk 01:30:48]} {[%emt
00:00:44]} Qb8 {[%clk 01:26:01]} {[%emt 00:00:47]} 7. Qg3 {[%clk 01:30:52]}
{[%emt 00:00:28]} d6 {[%clk 01:23:26]} {[%emt 00:03:04]} 8. Bd3 {[%clk
01:21:39]} {[%emt 00:09:43]} a6 {[%clk 01:22:22]} {[%emt 00:01:34]} 9. Nc3
{[%clk 01:21:09]} {[%emt 00:01:00]} b5 {[%clk 01:21:31]} {[%emt 00:01:21]} 10.
f4 {[%clk 01:18:59]} {[%emt 00:02:40]} Nf6 {[%clk 01:19:34]} {[%emt 00:02:27]}
11. Nf3 {[%clk 01:09:45]} {[%emt 00:09:44]} Nb4 {[%clk 01:07:21]} {[%emt
00:12:42]} 12. Be3 {[%clk 01:02:55]} {[%emt 00:07:21]} Nxd3+ {[%clk 01:05:34]}
{[%emt 00:02:17]} 13. cxd3 {[%clk 00:59:08]} {[%emt 00:04:17]} Bb7 {[%clk
01:03:16]} {[%emt 00:02:48]} 14. h3 {[%clk 00:58:00]} {[%emt 00:01:39]} Bc6
{[%clk 00:56:28]} {[%emt 00:07:17]} 15. Ne2 {[%clk 00:36:37]} {[%emt 00:21:54]}
b4 {[%clk 00:51:11]} {[%emt 00:05:46]} 16. Ned4 {[%clk 00:32:44]} {[%emt
00:04:24]} Bb5 {[%clk 00:49:50]} {[%emt 00:01:50]} 17. Kd2 {[%clk 00:28:49]}
{[%emt 00:04:26]} Nd7 {[%clk 00:44:23]} {[%emt 00:05:56]} 18. Nxb5 {[%clk
00:28:11]} {[%emt 00:01:08]} Qxb5 {[%clk 00:42:58]} {[%emt 00:01:54]} 19. Nd4
{[%clk 00:23:46]} {[%emt 00:04:56]} Qb7 {[%clk 00:35:30]} {[%emt 00:07:58]} 20.
b3 {[%clk 00:16:40]} {[%emt 00:07:36]} g6 {[%clk 00:31:25]} {[%emt 00:04:35]}
21. Rac1 {[%clk 00:15:40]} {[%emt 00:01:30]} Bg7 {[%clk 00:28:41]} {[%emt
00:03:14]} 22. Qf2 {[%clk 00:14:17]} {[%emt 00:01:53]} Nc5 {[%clk 00:27:57]}
{[%emt 00:01:14]} 23. f5 {[%clk 00:13:29]} {[%emt 00:01:19]} exf5 {[%clk
00:19:44]} {[%emt 00:08:43]} 24. exf5 {[%clk 00:13:32]} {[%emt 00:00:26]} Be5
{[%clk 00:19:34]} {[%emt 00:00:40]} 25. Ne2 {[%clk 00:12:09]} {[%emt 00:01:53]}
Nd7 {[%clk 00:17:13]} {[%emt 00:02:51]} 26. Rhf1 {[%clk 00:11:27]} {[%emt
00:01:11]} O-O {[%clk 00:16:21]} {[%emt 00:01:23]} 27. Bh6 {[%clk 00:11:24]}
{[%emt 00:00:33]} Bg7 {[%clk 00:13:28]} {[%emt 00:03:24]} 28. Bxg7 {[%clk
00:11:35]} {[%emt 00:00:19]} Kxg7 {[%clk 00:13:52]} {[%emt 00:00:06]} 29. f6+
{[%clk 00:10:27]} {[%emt 00:01:37]} Kh8 {[%clk 00:14:10]} {[%emt 00:00:12]} 30.
Qf4 {[%clk 00:04:51]} {[%emt 00:06:06]} Qxg2 {[%clk 00:12:03]} {[%emt
00:02:37]} 31. Qh6 {[%clk 00:04:50]} {[%emt 00:00:31]} Rg8 {[%clk 00:12:02]}
{[%emt 00:00:32]} 32. Rf4 {[%clk 00:02:26]} {[%emt 00:02:53]} g5 {[%clk
00:09:51]} {[%emt 00:02:40]} 33. Rg4 {[%clk 00:01:39]} {[%emt 00:01:18]} Qf3
{[%clk 00:09:46]} {[%emt 00:00:32]} 34. Rxg5 {[%clk 00:00:39]} {[%emt
00:01:33]} Rxg5 {[%clk 00:09:26]} {[%emt 00:00:50]} 35. Qxg5 {[%clk 00:00:56]}
{[%emt 00:00:13]} Rg8 {[%clk 00:09:16]} {[%emt 00:00:40]} 36. Qa5 {[%clk
00:00:37]} {[%emt 00:00:49]} Nc5 {[%clk 00:08:02]} {[%emt 00:01:44]} 37. Rxc5
{[%clk 00:00:33]} {[%emt 00:00:34]} dxc5 {[%clk 00:08:19]} {[%emt 00:00:13]}
38. Qxc5 {[%clk 00:00:58]} {[%emt 00:00:05]} Qxf6 {[%clk 00:08:03]} {[%emt
00:00:46]} 39. Qxb4 {[%clk 00:01:10]} {[%emt 00:00:19]} Qb2+ {[%clk 00:07:56]}
{[%emt 00:00:37]} 40. Ke1 {[%clk 00:01:12]} {[%emt 00:00:20]} Re8 {[%clk
00:07:32]} {[%emt 00:01:01]} 41. Qd2 {[%clk 00:29:48]} {[%emt 00:01:54]} Qxd2+
{[%clk 00:35:05]} {[%emt 00:02:57]} 42. Kxd2 {[%clk 00:29:57]} {[%emt
00:00:21]} Re5 {[%clk 00:35:24]} {[%emt 00:00:11]} 43. d4 {[%clk 00:23:50]}
{[%emt 00:06:37]} Rh5 {[%clk 00:35:26]} {[%emt 00:00:28]} 44. Nf4 {[%clk
00:24:04]} {[%emt 00:00:16]} Ra5 {[%clk 00:34:02]} {[%emt 00:01:52]} 45. a4
{[%clk 00:23:32]} {[%emt 00:01:04]} Rf5 {[%clk 00:33:56]} {[%emt 00:00:35]} 46.
Ke3 {[%clk 00:23:18]} {[%emt 00:00:44]} Rf6 {[%clk 00:33:52]} {[%emt 00:00:33]}
47. b4 {[%clk 00:23:14]} {[%emt 00:00:35]} Kg8 {[%clk 00:33:27]} {[%emt
00:00:55]} 48. Ke4 {[%clk 00:22:12]} {[%emt 00:01:32]} Kf8 {[%clk 00:32:06]}
{[%emt 00:01:51]} 49. Ke5 {[%clk 00:21:11]} {[%emt 00:01:31]} Rc6 {[%clk
00:31:14]} {[%emt 00:01:21]} 50. a5 {[%clk 00:18:40]} {[%emt 00:03:02]} Rh6
{[%clk 00:28:13]} {[%emt 00:03:31]} 51. d5 {[%clk 00:16:45]} {[%emt 00:02:26]}
Ke7 {[%clk 00:26:27]} {[%emt 00:02:15]} 52. Kf5 {[%clk 00:15:59]} {[%emt
00:01:17]} Rf6+ {[%clk 00:25:11]} {[%emt 00:01:45]} 53. Ke5 {[%clk 00:15:19]}
{[%emt 00:01:11]} Rd6 {[%clk 00:25:01]} {[%emt 00:00:38]} 54. Kf5 {[%clk
00:12:39]} {[%emt 00:03:12]} f6 {[%clk 00:23:44]} {[%emt 00:01:46]} 55. h4
{[%clk 00:11:13]} {[%emt 00:01:57]} Rd7 {[%clk 00:22:14]} {[%emt 00:01:59]} 56.
Ke4 {[%clk 00:05:36]} {[%emt 00:06:06]} Rb7 {[%clk 00:22:07]} {[%emt 00:00:38]}
57. Nd3 {[%clk 00:05:07]} {[%emt 00:01:00]} Rb5 {[%clk 00:21:40]} {[%emt
00:00:55]} 58. Kd4 {[%clk 00:05:11]} {[%emt 00:00:28]} Kd6 {[%clk 00:21:19]}
{[%emt 00:00:50]} 59. Kc4 {[%clk 00:05:12]} {[%emt 00:00:30]} Rxd5 {[%clk
00:21:06]} {[%emt 00:00:42]} 60. Nc5 {[%clk 00:05:28]} {[%emt 00:00:14]} Rh5
{[%clk 00:21:00]} {[%emt 00:00:36]} 61. Nxa6 {[%clk 00:05:38]} {[%emt
00:00:20]} Rxh4+ {[%clk 00:20:34]} {[%emt 00:00:57]} 62. Kb5 {[%clk 00:05:51]}
{[%emt 00:00:16]} f5 {[%clk 00:20:36]} {[%emt 00:00:29]} 63. Nc5 {[%clk
00:06:14]} {[%emt 00:00:08]} Kc7 {[%clk 00:20:35]} {[%emt 00:00:30]} 64. a6
{[%clk 00:06:23]} {[%emt 00:00:21]} Kb8 {[%clk 00:20:25]} {[%emt 00:00:38]} 65.
Nd7+ {[%clk 00:06:17]} {[%emt 00:00:37]} Ka7 {[%clk 00:20:19]} {[%emt
00:00:36]} 66. Nb6 {[%clk 00:05:51]} {[%emt 00:00:57]} Rh6 {[%clk 00:18:45]}
{[%emt 00:02:02]} 67. Nc8+ {[%clk 00:06:01]} {[%emt 00:00:21]} Kb8 {[%clk
00:18:36]} {[%emt 00:00:38]} 68. Ne7 {[%clk 00:05:59]} {[%emt 00:00:33]} f4
{[%clk 00:17:50]} {[%emt 00:01:17]} 69. Nc6+ {[%clk 00:06:22]} {[%emt
00:00:07]} Ka8 {[%clk 00:17:56]} {[%emt 00:00:22]} 70. Kc5 {[%clk 00:06:13]}
{[%emt 00:00:42]} f3 {[%clk 00:17:08]} {[%emt 00:01:17]} 71. b5 {[%clk
00:06:40]} {[%emt 00:00:03]} Rh5+ {[%clk 00:16:59]} {[%emt 00:00:38]} 0-1